MICROELECTRONICS (Record no. 842)

MARC details
000 -LEADER
Fixed length control field 00543nam a22002057a 4500
003 - CONTROL NUMBER IDENTIFIER
Control field SEACOMEC
005 - DATE AND TIME OF LATEST TRANSACTION
Control field 20240323125734.0
008 - FIXED-LENGTH DATA ELEMENTS--GENERAL INFORMATION
Fixed length control field 240323b |||||||| |||| 00| 0 eng d
020 ## - INTERNATIONAL STANDARD BOOK NUMBER / ISBN
International Standard Book Number 978-0074637364
Price Rs.360.00
040 ## - CATALOGING SOURCE
Original cataloging agency SEACOMEC
041 ## - LANGUAGE CODE
Language code English
082 ## - DEWEY DECIMAL CLASSIFICATION NUMBER
Classification number 621.381
Book Number M654
100 ## - MAIN ENTRY--PERSONAL NAME
Personal name Millman, Jacob
245 ## - TITLE STATEMENT
Title MICROELECTRONICS
Statement of responsibility Jacob Millman and Arvin Grabel
250 ## - EDITION STATEMENT
Edition statement 2nd
260 ## - IMPRINT
Place of publication New Delhi
Name of publisher McGraw Hill Education
Date of publication 2005
300 ## - PHYSICAL DESCRIPTION
Page / Vol. No 1024p
Dimensions 20 x 14 x 4 cm
700 ## - ADDED ENTRY--PERSONAL NAME
Personal name Grabel, Arvin
942 ## - ADDED ENTRY ELEMENTS (KOHA)
Koha item type Books
Holdings
Withdrawn status Lost status Source of classification Damaged status Not for loan Home library Current library Date acquired Total Checkouts Call number Accession number Date last seen Price effective from Koha item type Copy number
    Dewey Decimal Classification     SEACOM ENGINEERING COLLEGE SEACOM ENGINEERING COLLEGE 23/03/2024   621.381 M654 4296 23/03/2024 23/03/2024 Books  
    Dewey Decimal Classification     SEACOM ENGINEERING COLLEGE SEACOM ENGINEERING COLLEGE 23/03/2024   621.381 M654 4297 23/03/2024 23/03/2024 Books 1
    Dewey Decimal Classification     SEACOM ENGINEERING COLLEGE SEACOM ENGINEERING COLLEGE 23/03/2024   621.381 M654 4298 23/03/2024 23/03/2024 Books 2
    Dewey Decimal Classification     SEACOM ENGINEERING COLLEGE SEACOM ENGINEERING COLLEGE 23/03/2024   621.381 M654 4299 23/03/2024 23/03/2024 Books 3
    Dewey Decimal Classification     SEACOM ENGINEERING COLLEGE SEACOM ENGINEERING COLLEGE 23/03/2024   621.381 M654 4300 23/03/2024 23/03/2024 Books 4
    Dewey Decimal Classification     SEACOM ENGINEERING COLLEGE SEACOM ENGINEERING COLLEGE 23/03/2024   621.381 M654 4301 23/03/2024 23/03/2024 Books 5
    Dewey Decimal Classification     SEACOM ENGINEERING COLLEGE SEACOM ENGINEERING COLLEGE 23/03/2024   621.381 M654 4302 23/03/2024 23/03/2024 Books 6
    Dewey Decimal Classification     SEACOM ENGINEERING COLLEGE SEACOM ENGINEERING COLLEGE 23/03/2024   621.381 M654 4303 23/03/2024 23/03/2024 Books 7
    Dewey Decimal Classification     SEACOM ENGINEERING COLLEGE SEACOM ENGINEERING COLLEGE 23/03/2024   621.381 M654 4304 23/03/2024 23/03/2024 Books 8
    Dewey Decimal Classification     SEACOM ENGINEERING COLLEGE SEACOM ENGINEERING COLLEGE 23/03/2024   621.381 M654 4305 23/03/2024 23/03/2024 Books 9
    Dewey Decimal Classification     SEACOM ENGINEERING COLLEGE SEACOM ENGINEERING COLLEGE 23/03/2024   621.381 M654 4306 23/03/2024 23/03/2024 Books 10
    Dewey Decimal Classification     SEACOM ENGINEERING COLLEGE SEACOM ENGINEERING COLLEGE 23/03/2024   621.381 M654 4307 23/03/2024 23/03/2024 Books 11
    Dewey Decimal Classification     SEACOM ENGINEERING COLLEGE SEACOM ENGINEERING COLLEGE 23/03/2024   621.381 M654 4308 23/03/2024 23/03/2024 Books 12
    Dewey Decimal Classification     SEACOM ENGINEERING COLLEGE SEACOM ENGINEERING COLLEGE 23/03/2024   621.381 M654 4309 23/03/2024 23/03/2024 Books 13
    Dewey Decimal Classification     SEACOM ENGINEERING COLLEGE SEACOM ENGINEERING COLLEGE 23/03/2024   621.381 M654 4310 23/03/2024 23/03/2024 Books 14
© Seacom Engineering College, All rights reserved.      Powered by Koha